000 00663nam a2200289Ia 4500
005 20260324145400.0
008 008 260324s9999 xx 000 0 eng d
020 _a9781003437123
037 _aEBOOK
040 _aCRL
040 _beng
040 _cCRL
041 _2eng
041 _aeng
084 _qCRL
100 _aRobert Moore
_91175759
245 4 _aThe Social Impact of Oil
245 4 _bThe Case of Peterhead
260 _bTaylor and Francis
260 _c1982
365 _a
365 _b160
856 _uhttp://www.taylorfrancis.com/books/9781003437123
942 _cEBOOK
999 _c1830597
_d1830597